000 00315nam a22001217a 4500
008 160422b xxu||||| |||| 00| 0 eng d
020 _a9780781722735
020 _a078172273
041 _aeng
080 _a618.2
245 _aFundamentals of nursing:
_cCarol Taylor;Carol Lills; Priscilla Le Mone;
942 _2udc
_cBK
999 _c1516
_d1516